| 000 | 01030cam a2200241 4500 | ||
|---|---|---|---|
| 001 | ABS61459 | ||
| 008 | 000000n1999 000 0 eng u | ||
| 035 | _a(Sirsi) u100780 | ||
| 100 | _aStapleton, T. | ||
| 245 | _aNursing a rating headache | ||
| 260 | _c1999 | ||
| 490 |
_aEstates Gazette _v(9938) 25 September 1999, 179(1) |
||
| 520 | _aDue to historic factors the rating revaluation and capital charges revaluation due in 2000 will penalise the NHS. The problem arises from the contractorsα method (see article for explanation) With a typical rise in the construction price tender index since the last revaluation of 30% and an expected fall in the rate poundage of 15%, hospital trusts can expect an increase in rates payable from 1 April 2000 of 15%. | ||
| 590 | _aABS | ||
| 650 | _aRATING REVALUATION | ||
| 650 | _aCAPITAL CHARGES REVALUATION | ||
| 650 | _aNHS | ||
| 650 | _aHOSPITALS | ||
| 650 | _aCONTRACTORS METHOD | ||
| 650 | _aRATING REVALUATION 2000 | ||
| 690 | _aRATING AND VALUATION | ||
| 942 | _n0 | ||
| 999 |
_c60233 _d60233 |
||